000 00766nam a2200253 a 4500
001 BRCA_3844
005 20190320204439.0
008 151209s1960----mx-a######---#000-0#spa-#
041 _aspa
044 _amx
050 4 _aF1201
_b.S26 1960
100 1 _aSantiago Cruz, Francisco
_910011
245 1 0 _aLas artes y los gremios en la Nueva España
_cFrancisco Santiago Cruz.
260 _aMéxico
_bJus
_c1960
300 _a141 p.
_bil.
_c29 cm.
440 0 _aFiguras y episodios de la historia de México
_vv. 77
_910012
500 _aEjemplar engargolado
500 _aPor política no se presta a domicilio
504 _aBibliografía: p. 136-138
650 1 4 _aGremios
_zMéxico
_910013
651 4 _aMéxico
_xHistoria
_9614
902 _aeng
942 _2lcc
_cB
999 _c3572
_d3572